1117 1762 1889 1292 1337 1245 1888 1055 1384 1171 1210 1637 1041 1337 1182 1839 1756 1820 1556 1533 1620 1349 1555 1749 1574 1395 1905 1541 1500 1383 1772 1983 1822 1170 1914 1271 1482 1040 1024 1977 1709 1383 1404 1560 1802 1588 1165 1099 1372 1365 1975 1819 1256 1493 1649 1879 1842 1973 1185 1150 1477 1561 1307 1629 1932 1965 1630 1362 1643 1166 1324 1651 1307 1412 1156 1480 1300 1275 1703 1287 1898 1540 1034 1413 1757 1970 1625 1247 1244 1424 1222 1034 1946 1129 1213 1282 1668 1638 1724 BCNSPRNW ULIB Ver.6.0+V

เปลี่ยนเป็นภาษาไทย

Change to English
 แสดงรายละเอียดบรรณานุกรม
  กลับหน้าหลัก

Brief Record : Get Marc (ISO 2709) : E-mail record : QR code < ปิดหน้าต่าง
LEADER : 00000nam 2200000uu 4500
001    13399114423
003     ULIB
008    110719s||||||||th 000 0 tha d
020    9748327808
099    นว.^bค949ส ล.11
100 1  โยชิคาวะ, เอจิ
245 10 สามก๊ก 11 ตอน ยอดขุนพลเพี่ยงพล้ำ/^cเอจิ โยชิคาวะ, เรื่อง ; จัน สัมฤทธิ์, แปล
250    พิมพ์ครั้งที่ 2
260    กรุงเทพฯ :^bอมรินทร์คอมมิกส์,^c2550
300    176 หน้า
650  4 สามก๊ก^xการ์ตูน
650  4 วรรณกรรมสำหรับเด็ก
650  4 วรรณกรรมจีน^xการ์ตูน
651  4 จีน^xประวัติศาสตร์^xการ์ตูน
700 0  จัน สัมฤทธิ์
945    ^p158^l0^i024711
995    ทศพร
999 ^a ใช้งานได้ทุกระบบ
รายการนี้ยังไม่มีแท็ก
คุณยังไม่ได้ล็อกอิน คุณสามารถมีกิจกรรมร่วมกับเว็บไซต์ได้ แต่ต้องล็อกอินก่อน ::
  ล็อกอิน

รายการสื่อสารสนเทศ

ลำดับที่ ประเภท เลขเรียก/บาร์โค้ด สถานที่ สถานะ
- ไม่พบข้อมูล -

รายการใกล้เคียง
    ผู้แต่ง [โยชิคาวะ, เอจิ]

    หัวเรื่อง [วรรณกรรมสำหรับเด็ก]

BibComment


ยังไม่เคยถูกคอมเมนท์

คอมเมนท์ทรัพยากรรายการนี้
  คอมเมนท์: สามก๊ก 11 ตอน ยอ..


 Copyright 2026. Bcnsprnw @Library